000 00507nam a2200181Ia 4500
008 090124s9999 xx 000 0 und d
082 _b126125
100 _aपंडित शरदचंद्र भा.
245 _a लालसा
250 _a1
260 _c1994
300 _a163
600 _aपंडित शरदचंद्र भा.
630 _a लालसा
700 _aपंडित शरदचंद्र भा.
730 _a लालसा
942 _cBOOK
999 _c172215
_d172215